01062nam a2200205 a 450000100100000000500170001000800410002704000250006808200160009310000310010924502090014024600940034926000420044330000350048559000750052070000300059570000280062595201860065399900170083900003494020200930074011.0111021s1945 mx ac 000 0 spa d aDO-SdBNPbspacBNPHU axxxxbB198f1 aBalzac, Honorato de96051610aFisiología del matrimonio , o , meditaciones de filosofía eclectica relativas a la felicidad y desgracia de los casados /cversión española de Ceferino Palencia e ilustraciones de Enrique Climent.10aMeditaciones de filosofía eclectica relativas a la felicidad y desgracia de los casados aMéxico :bEditorial Leyenda,c1945. a374 p. :bils. retr. ;c23 cm. aPerteneció a la biblioteca personal de Juan Isidro Jimenes Grullón1 aPalencia, Ceferino9605171 aCliment, Enrique960518 001050718MOaGRbGRcCTd2011-10-21iLF1l0oxxxx B198fp34940-10r2020-06-25w2020-06-25y1zPerteneció a la biblioteca personal de Juan Isidro Jimenes GrullónZNo se presta c34431d34431